[Event "San Francisco TNM Spring op"]
[Site "San Francisco"]
[Date "2015.05.05"]
[Round "8"]
[White "Hood, Bryan"]
[Black "Simpkins, Jerry"]
[Result "1-0"]
[WhiteElo "1628"]
[BlackElo "1478"]
[PlyCount "43"]
[EventDate "2015.03.17"]
[EventType "swiss"]
[EventRounds "8"]
[EventCountry "USA"]
[SourceTitle "EXT 2016"]
[Source "ChessBase"]
[SourceDate "2015.10.08"]
[SourceVersion "1"]
[SourceVersionDate "2015.10.08"]
[SourceQuality "1"]

1. d4 e5 2. dxe5 Nc6 3. Nf3 Qe7 4. Bf4 Qb4+ 5. Bd2 Qxb2 6. Nc3 Nb4 7. Nd4 Bc5 8. Rb1 Qa3 9. Ndb5 Qa5 10. a3 Qb6 11. e3 Na6 12. Nd6+ cxd6 13. Rxb6 axb6 14. exd6 Bxd6 15. Nb5 Bc5 16. Bc3 Nf6 17. Bxf6 gxf6 18. Bc4 Rg8 19. 0-0 d6 20. Nxd6+ Bxd6 21. Qxd6 Bh3 22. Bb5+ 1-0

[Event "San Francisco TNM Fall op"]
[Site "San Francisco"]
[Date "2014.11.26"]
[Round "5"]
[White "Hood, Bryan"]
[Black "Sherwood, Peter"]
[Result "0-1"]
[WhiteElo "1352"]
[BlackElo "1722"]
[PlyCount "34"]
[EventDate "2014.10.21"]
[EventType "swiss"]
[EventRounds "8"]
[EventCountry "USA"]
[SourceTitle "EXT 2016"]
[Source "ChessBase"]
[SourceDate "2015.10.08"]
[SourceVersion "1"]
[SourceVersionDate "2015.10.08"]
[SourceQuality "1"]

1. d4 d5 2. c4 dxc4 3. e3 e5 4. Bxc4 exd4 5. Qxd4 Qxd4 6. exd4 Nc6 7. Bb5 Bd7 8. Bxc6 Bxc6 9. f3 0-0-0 10. Ne2 Ne7 11. 0-0 Nf5 12. Rd1 Bc5 13. Nbc3 Nxd4 14. Nxd4 Bxd4+ 15. Kh1 Bxc3 16. Be3 Rxd1+ 17. Rxd1 Bxb2 0-1

[Event "San Francisco TNM Fall op"]
[Site "San Francisco"]
[Date "2014.10.21"]
[Round "1"]
[White "Bayaraa, Chinguun"]
[Black "Hood, Bryan"]
[Result "1-0"]
[WhiteElo "1868"]
[BlackElo "1352"]
[PlyCount "121"]
[EventDate "2014.10.21"]
[EventType "swiss"]
[EventRounds "8"]
[EventCountry "USA"]
[SourceTitle "EXT 2016"]
[Source "ChessBase"]
[SourceDate "2015.10.08"]
[SourceVersion "1"]
[SourceVersionDate "2015.10.08"]
[SourceQuality "1"]

1. d4 Nf6 2. c4 d5 3. Nc3 g6 4. Nf3 Bg7 5. e3 Bf5 6. Be2 0-0 7. Qb3 b6 8. cxd5 c6 9. dxc6 Nxc6 10. 0-0 a6 11. a3 Be6 12. Qd1 Na5 13. Nd2 Qc7 14. Bd3 Ng4 15. g3 f5 16. Na4 Rfd8 17. h3 Nxe3 18. Qe1 Rxd4 19. Qxe3 Qd6 20. Bc2 Rc8 21. Nc3 Nc4 22. Nxc4 Rcxc4 23. Re1 Rc6 24. Qxe6+ Qxe6 25. Rxe6 Rxe6 26. Bb3 Kf7 27. Be3 Rdd6 28. Bxe6+ Kxe6 29. Rc1 b5 30. Bc5 Rd7 31. Re1+ Kf7 32. Bb4 e6 33. Rd1 Ra7 34. Ba5 g5 35. Bb6 Rb7 36. Bd4 e5 37. Be3 f4 38. gxf4 gxf4 39. Bc5 Bf8 40. Bxf8 Kxf8 41. Re1 Rg7+ 42. Kh1 f3 43. Rg1 Rxg1+ 44. Kxg1 h5 45. h4 Ke7 46. Kh2 Kd6 47. Kg3 Kc5 48. Kxf3 Kd4 49. Ke2 Kc4 50. Nd1 Kd4 51. Nc3 Kc4 52. Kd2 Kb3 53. Nd1 Kc4 54. Ke3 Kd5 55. f3 Ke6 56. Ke4 a5 57. Nc3 b4 58. Na4 bxa3 59. bxa3 Kd6 60. Nb2 Ke6 61. Nc4 1-0

[Event "San Francisco TNM Jay Whitehead op"]
[Site "San Francisco"]
[Date "2014.08.14"]
[Round "2"]
[White "Hood, Bryan"]
[Black "Casares, Nick Jr"]
[Result "1-0"]
[WhiteElo "1258"]
[BlackElo "1600"]
[PlyCount "51"]
[EventDate "2014.08.05"]
[EventType "swiss"]
[EventRounds "9"]
[EventCountry "USA"]
[SourceTitle "EXT 2016"]
[Source "ChessBase"]
[SourceDate "2015.10.08"]
[SourceVersion "1"]
[SourceVersionDate "2015.10.08"]
[SourceQuality "1"]

1. d4 d5 2. c4 dxc4 3. e3 b5 4. b3 Ba6 5. bxc4 e6 6. Qf3 c6 7. cxb5 Bb4+ 8. Bd2 Bxd2+ 9. Nxd2 Bb7 10. bxc6 Bxc6 11. Bb5 Qd5 12. Bxc6+ Nxc6 13. Qg3 Nge7 14. Ngf3 0-0 15. 0-0 Rab8 16. Rfc1 Rb2 17. Rc5 Qd7 18. Ne4 Qb7 19. Rf1 Kh8 20. Rh5 Nxd4 21. Rxh7+ Kxh7 22. Nfg5+ Kg8 23. Qh4 Ne2+ 24. Kh1 Re8 25. Nf6+ Kf8 26. Ngh7# 1-0

[Event "San Francisco TNM Spring op"]
[Site "San Francisco"]
[Date "2014.04.29"]
[Round "7"]
[White "Hood, Bryan"]
[Black "Frank, Robert"]
[Result "0-1"]
[WhiteElo "1095"]
[BlackElo "1438"]
[PlyCount "36"]
[EventDate "2014.03.18"]
[EventType "swiss"]
[EventRounds "8"]
[EventCountry "USA"]
[SourceTitle "EXT 2016"]
[Source "ChessBase"]
[SourceDate "2015.10.08"]
[SourceVersion "1"]
[SourceVersionDate "2015.10.08"]
[SourceQuality "1"]

1. e4 e5 2. Nf3 Nf6 3. Nxe5 d6 4. Nf3 Nxe4 5. d4 d5 6. Bd3 Bd6 7. c4 Bb4+ 8. Nbd2 Bg4 9. 0-0 Bxd2 10. Bxd2 0-0 11. Bf4 c6 12. Be2 Re8 13. Ne5 Bxe2 14. Qxe2 f6 15. Nf3 Ng3 16. Qd3 Ne2+ 17. Kh1 Nxf4 18. Qf5 Ng6 0-1

[Event "San Francisco TNM Fall op"]
[Site "San Francisco"]
[Date "2013.10.22"]
[Round "1"]
[White "Sherwood, Peter"]
[Black "Hood, Bryan"]
[Result "1-0"]
[WhiteElo "1817"]
[BlackElo "797"]
[PlyCount "60"]
[EventDate "2013.10.22"]
[EventType "swiss"]
[EventRounds "9"]
[EventCountry "USA"]
[SourceTitle "EXT 2016"]
[Source "ChessBase"]
[SourceDate "2015.10.08"]
[SourceVersion "1"]
[SourceVersionDate "2015.10.08"]
[SourceQuality "1"]

1. e4 e5 2. Nf3 Nc6 3. Bb5 Nge7 4. d4 d6 5. dxe5 a6 6. Ba4 Bg4 7. exd6 cxd6 8. 0-0 b5 9. Bb3 Ng6 10. Qd5 Nge5 11. Nxe5 Nxe5 12. Bf4 Be6 13. Qd4 Ng4 14. Bxe6 fxe6 15. Bg3 e5 16. Qd1 Nf6 17. f3 Be7 18. Nc3 0-0 19. Nd5 Rc8 20. Nxf6+ Bxf6 21. c3 Bg5 22. Qd5+ Kh8 23. Rad1 Rf6 24. Bxe5 Rc5 25. Qxc5 Qb8 26. Bxd6 Rxd6 27. Qxd6 Qc8 28. f4 h6 29. fxg5 hxg5 30. Rf8+ Kh7 1-0